THE HARDEST TWENTY ONE PILOTS QUIZ EVER - Statistics

General Stats
  • This quiz has been taken 4,100 times
  • The average score is 10 of 21
Answer Stats
CLUE ANSWER % Correct
How many members were in the original band? 3
98%
What year was the band created? 2009
97%
What year did Josh Dun join the band? 2011
90%
How many songs did they redo into Vessel? 6
83%
What album did they lose rights to? Regional at Best
82%
Who the is girl in the ship #Jebby Debby Ryan
61%
"Because a _ _ to you/is not a _ _ to me". Kitchen Sink
61%
What play does the name Twenty One Pilots come from? The play "All My Sons" by Arthur Miller
59%
What two intruments does Josh play? drums and trumpet
52%
What was Tyler's wife's name before their marriage? Jenna Black
51%
What does Tyler yell at 4:25 of The Judge Josh's name
47%
Who is "We Don't Believe What's On TV" rumored to be about? Josh Dun
35%
What does "TGIFCFWABBTSCSAMSD" stand for? Thank God it's Friday cause Friday's will always be better than Sunday's cause Sunday's are my suicide days"
26%
What's is Josh's snapchat? joshuadun
24%
What TWO songs do you hear this verse in: "I start to part two halves of my heart in the dark and I/don't know where I should go/and the tears and the fears begin to mutiply"? Anathema and Blasphemy
20%
"We live for/the _ _/it reveals what we dream of" night's decor
17%
In what song can you hear Josh singing? (This excludes any live performances)!' Glowing Eyes
16%
What is the signature of the Vessel area? the ski masks
16%
What TWO songs do you hear this verse in: "On the eve of a day that's forgotten and fake/and the tress they await and clouds anticipate"? Just Like Yesterday and Ode to Sleep
12%
"I know they'll die, from _ _" Eating Chipotle
9%
Name the two songs that were REALLY big in Japan (hint: one from vessel and one from RaB) Guns for Hands and Lovely
6%
No matching quizzes found
Score Distribution
Percent of People with Each Score
Percentile by Number Answered
Your Score History
You have not taken this quiz